| 000 | 00464nam a2200169 a 4500 | ||
|---|---|---|---|
| 001 | 4871 | ||
| 003 | CDMR | ||
| 005 | 20131002162012.0 | ||
| 008 | 130130s1981||||||||||||||||||||||||||||d | ||
| 020 | _a8424404912 | ||
| 040 |
_aCDMR _bcat _cCDMR |
||
| 245 | 0 |
_aImagen y lenguajes _cV.S. Zavala ... [et al.] ; con la colaboración de la Fundación BCD |
|
| 260 |
_aBarcelona _c1981 _bFontanella |
||
| 490 | 0 |
_aSignos _v2 |
|
| 700 | 1 |
_94020 _aZavala, V. S. |
|
| 942 |
_cMON _2udc |
||
| 999 |
_c4871 _d4871 |
||